[Event "Texas Collegiate Finals"]
[Site "chess24.com INT"]
[Date "2020.10.18"]
[Round "7.3"]
[White "Sjugirov, Sanan"]
[Black "Preotu, Razvan"]
[Result "1/2-1/2"]
[WhiteElo "2675"]
[BlackElo "2487"]
[WhiteFideId "-1"]
[WhiteFideId "-1"]
[PlyCount "120"]
[GameId "1573102915997696"]
[EventDate "2020.10.17"]
[EventType "team-tourn (rapid)"]
[EventRounds "8"]
[EventCountry "USA"]
[SourceTitle "CBM 198 Extra"]
[Source "ChessBase"]
[SourceDate "2020.11.30"]
[SourceVersion "1"]
[SourceVersionDate "2020.11.30"]
[SourceQuality "1"]
[WhiteTeam "Texas Rio Grande Valley Univ"]
[BlackTeam "Texas Dallas Univ"]
[WhiteTeamCountry "USA"]
[BlackTeamCountry "USA"]

1. c4 g6 2. Nc3 c5 3. g3 Bg7 4. Bg2 Nc6 5. a3 d6 6. Rb1 Bd7 7. b4 Qc8 8. bxc5 dxc5 9. Bb2 Nf6 10. Ne4 b6 11. Bxf6 Bxf6 12. Nxf6+ exf6 13. h4 O-O 14. Nh3 Bxh3 15. Bxh3 Qa6 16. Bg2 Rac8 17. Qc1 Rfe8 18. Kf1 Qa4 19. h5 g5 20. Qc3 Ne5 21. Bd5 Rcd8 22. d3 Qd7 23. Kg2 Ng4 24. Rbe1 Qf5 25. Bf3 Nxf2 26. Rhf1 Ng4 27. Bxg4 Qxg4 28. Qxf6 Qxh5 29. Rf2 Qg6 30. Qxg6+ hxg6 31. Rb1 Re3 32. a4 Rd4 33. Kh2 Rg4 34. Rg2 Kg7 35. a5 Re6 36. axb6 axb6 37. e4 f5 38. Kh3 Rd6 39. Rb3 Kf6 40. Re2 Re6 41. Re1 Kf7 42. Re2 Kf6 43. Re3 Kf7 44. exf5 gxf5 45. Rxe6 Kxe6 46. Rxb6+ Ke5 47. Rc6 Rd4 48. Rxc5+ Ke6 49. Rc6+ Ke5 50. Rg6 g4+ 51. Kh4 Rxd3 52. Rg8 Kf6 53. Rf8+ Kg6 54. Rc8 Kf6 55. c5 Ke7 56. c6 Rf3 57. Rg8 Kd6 58. Rg6+ Kc7 59. Rf6 Kb6 60. Rg6 Kc7 1/2-1/2

[Event "Texas Collegiate Finals"]
[Site "chess24.com INT"]
[Date "2020.10.18"]
[Round "8.3"]
[White "Preotu, Razvan"]
[Black "Sjugirov, Sanan"]
[Result "0-1"]
[WhiteElo "2487"]
[BlackElo "2675"]
[WhiteFideId "-1"]
[WhiteFideId "-1"]
[PlyCount "54"]
[GameId "1573102916153344"]
[EventDate "2020.10.17"]
[EventType "team-tourn (rapid)"]
[EventRounds "8"]
[EventCountry "USA"]
[SourceTitle "CBM 198 Extra"]
[Source "ChessBase"]
[SourceDate "2020.11.30"]
[SourceVersion "1"]
[SourceVersionDate "2020.11.30"]
[SourceQuality "1"]
[WhiteTeam "Texas Dallas Univ"]
[BlackTeam "Texas Rio Grande Valley Univ"]
[WhiteTeamCountry "USA"]
[BlackTeamCountry "USA"]

1. e4 c5 2. Nf3 d6 3. d4 cxd4 4. Nxd4 Nf6 5. Nc3 a6 6. h3 e5 7. Nb3 Be7 8. Be3 Be6 9. Qf3 O-O 10. O-O-O b5 11. g4 b4 12. Nd5 Nxd5 13. exd5 Bc8 14. Bd3 a5 15. Nd2 Ba6 16. Ne4 a4 17. Kb1 Nd7 18. h4 Qc8 19. Ng5 Bxd3 20. Rxd3 Nf6 21. Rg1 Qc4 22. Qd1 Rfc8 23. Nh3 Ne4 24. f3 Nc3+ 25. bxc3 bxc3 26. Qf1 Rab8+ 27. Kc1 Qxa2 0-1

[Event "PNWCC Master Artist Point"]
[Site "chess.com INT"]
[Date "2020.09.05"]
[Round "1.37"]
[White "Vega, Isaac"]
[Black "Preotu, Razvan"]
[Result "0-1"]
[WhiteElo "1735"]
[BlackElo "2487"]
[WhiteFideId "-1"]
[WhiteFideId "-1"]
[PlyCount "76"]
[GameId "2130307593459605"]
[EventDate "2020.09.05"]
[EventType "swiss"]
[EventRounds "9"]
[EventCountry "NET"]
[SourceTitle "The Week in Chess 1349"]
[Source "Mark Crowther"]
[SourceDate "2020.09.14"]
[SourceVersion "2"]
[SourceVersionDate "2020.09.17"]
[SourceQuality "2"]

1. e4 c5 2. Nc3 d6 3. f4 Nc6 4. Nf3 g6 5. Bb5 Bd7 6. Bc4 Bg7 7. O-O a6 8. a4 e6 9. d3 Nge7 10. f5 exf5 11. Qe1 h6 12. exf5 Bxf5 13. g4 Be6 14. Bxe6 fxe6 15. Qxe6 Qd7 16. Qxd7+ Kxd7 17. Ne4 Raf8 18. c3 Nd5 19. Bd2 Nc7 20. Rf2 Ne6 21. Raf1 d5 22. Ng3 b5 23. axb5 axb5 24. h3 b4 25. Nh4 bxc3 26. bxc3 Ne5 27. d4 cxd4 28. cxd4 Nc4 29. Bc3 Rxf2 30. Rxf2 Ra8 31. Nxg6 Ra3 32. Rf7+ Kc6 33. Nf5 Rxc3 34. Nfe7+ Kb5 35. Nxd5 Bxd4+ 36. Kg2 Rc2+ 37. Kf3 Rf2+ 38. Ke4 Rxf7 0-1

[Event "PNWCC Master Artist Point"]
[Site "chess.com INT"]
[Date "2020.09.05"]
[Round "2.2"]
[White "Preotu, Razvan"]
[Black "Oparin, Grigoriy"]
[Result "0-1"]
[WhiteElo "2487"]
[BlackElo "2652"]
[WhiteFideId "-1"]
[WhiteFideId "-1"]
[PlyCount "116"]
[GameId "2130307593459618"]
[EventDate "2020.09.05"]
[EventType "swiss"]
[EventRounds "9"]
[EventCountry "NET"]
[SourceTitle "The Week in Chess 1349"]
[Source "Mark Crowther"]
[SourceDate "2020.09.14"]
[SourceVersion "2"]
[SourceVersionDate "2020.09.17"]
[SourceQuality "2"]

1. e4 e5 2. Nf3 Nc6 3. Bc4 Bc5 4. d3 Nf6 5. c3 O-O 6. O-O d6 7. a4 a5 8. h3 Be6 9. Bb5 Ne7 10. d4 Bb6 11. Bd3 Ng6 12. Re1 Re8 13. Be3 c6 14. Nbd2 h6 15. Qc2 Nh5 16. Rad1 Nhf4 17. Bf1 Qc7 18. Nc4 Ba7 19. Qc1 f6 20. dxe5 dxe5 21. Bxa7 Rxa7 22. Qe3 Raa8 23. Qc5 Nf8 24. Nb6 Rad8 25. Qxa5 Rxd1 26. Rxd1 Nd7 27. Nc4 Qxa5 28. Nxa5 Nc5 29. Ra1 Re7 30. Nd2 Rd7 31. b4 Nxa4 32. Rxa4 Rxd2 33. Ra1 Rc2 34. Nxb7 Rxc3 35. Na5 g5 36. Rd1 Kf7 37. Nb7 Ke7 38. Nc5 Ra3 39. Kh2 Bc8 40. b5 cxb5 41. Bxb5 Ra5 42. Rb1 Ra2 43. Kg1 Rc2 44. Na4 Bb7 45. Rb4 f5 46. exf5 Bxg2 47. Rb1 Bxh3 48. Re1 Kf6 49. Nb6 Bxf5 50. Nd7+ Bxd7 51. Bxd7 h5 52. Rb1 g4 53. Kf1 Nh3 54. Rb6+ Kg5 55. Ke1 Nxf2 56. Be8 h4 57. Rg6+ Kf4 58. Rf6+ Ke3 0-1

[Event "PNWCC Master Artist Point"]
[Site "chess.com INT"]
[Date "2020.09.05"]
[Round "3.16"]
[White "Metpally, Jason"]
[Black "Preotu, Razvan"]
[Result "0-1"]
[WhiteElo "2204"]
[BlackElo "2487"]
[WhiteFideId "-1"]
[WhiteFideId "-1"]
[PlyCount "44"]
[GameId "2130307593467862"]
[EventDate "2020.09.05"]
[EventType "swiss"]
[EventRounds "9"]
[EventCountry "NET"]
[SourceTitle "The Week in Chess 1349"]
[Source "Mark Crowther"]
[SourceDate "2020.09.14"]
[SourceVersion "2"]
[SourceVersionDate "2020.09.17"]
[SourceQuality "2"]

1. d4 Nf6 2. c4 g6 3. Nc3 d5 4. cxd5 Nxd5 5. e4 Nxc3 6. bxc3 Bg7 7. Bg5 c5 8. Rc1 O-O 9. Nf3 Bg4 10. d5 Qd6 11. Be2 Nd7 12. c4 f5 13. exf5 Bxf5 14. O-O Ne5 15. Re1 Rae8 16. h3 b6 17. Qb3 e6 18. dxe6 Qxe6 19. Nxe5 Qxe5 20. Bd2 Qb2 21. Bc3 Bxc3 22. Rxc3 Rxe2 0-1

[Event "PNWCC Master Artist Point"]
[Site "chess.com INT"]
[Date "2020.09.06"]
[Round "4.22"]
[White "Preotu, Razvan"]
[Black "Chen, Ryo"]
[Result "1-0"]
[WhiteElo "2487"]
[BlackElo "2085"]
[WhiteFideId "-1"]
[WhiteFideId "-1"]
[PlyCount "93"]
[GameId "2130307593467902"]
[EventDate "2020.09.05"]
[EventType "swiss"]
[EventRounds "9"]
[EventCountry "NET"]
[SourceTitle "The Week in Chess 1349"]
[Source "Mark Crowther"]
[SourceDate "2020.09.14"]
[SourceVersion "2"]
[SourceVersionDate "2020.09.17"]
[SourceQuality "2"]

1. e4 c5 2. Nf3 d6 3. d4 cxd4 4. Nxd4 Nf6 5. Nc3 Nc6 6. Bg5 e6 7. Qd2 Qb6 8. Nb3 Be7 9. O-O-O O-O 10. Be2 Rd8 11. f4 a5 12. a3 h6 13. Bxf6 Bxf6 14. Na4 Qc7 15. g4 Rb8 16. Nc3 d5 17. exd5 Bxc3 18. Qxc3 Qxf4+ 19. Kb1 Rxd5 20. Bf3 Rxd1+ 21. Rxd1 a4 22. Nc5 b6 23. Nxa4 Ne5 24. Rd8+ Kh7 25. Qc7 Bb7 26. Qxb8 Bxf3 27. Nc3 Qxh2 28. Qxb6 Nxg4 29. Qd4 e5 30. Qd7 Qf4 31. Rf8 Kg6 32. Nd5 Bxd5 33. Qxd5 Ne3 34. Qc6+ Kg5 35. a4 f6 36. a5 Qb4 37. Ra8 Kf4 38. b3 e4 39. Qc7+ Kf3 40. Rd8 Qe1+ 41. Ka2 Nd1 42. a6 Nc3+ 43. Kb2 Nb5 44. Qc5 Qa5 45. Rb8 e3 46. Rxb5 Qd2 47. a7 1-0

[Event "PNWCC Master Artist Point"]
[Site "chess.com INT"]
[Date "2020.09.06"]
[Round "5.8"]
[White "Ter Sahakyan, Samvel"]
[Black "Preotu, Razvan"]
[Result "1-0"]
[WhiteElo "2640"]
[BlackElo "2487"]
[WhiteFideId "-1"]
[WhiteFideId "-1"]
[PlyCount "71"]
[GameId "2130307593467932"]
[EventDate "2020.09.05"]
[EventType "swiss"]
[EventRounds "9"]
[EventCountry "NET"]
[SourceTitle "The Week in Chess 1349"]
[Source "Mark Crowther"]
[SourceDate "2020.09.14"]
[SourceVersion "2"]
[SourceVersionDate "2020.09.17"]
[SourceQuality "2"]

1. d4 Nf6 2. c4 g6 3. Nc3 d5 4. cxd5 Nxd5 5. e4 Nxc3 6. bxc3 Bg7 7. Be3 c5 8. Rc1 Qa5 9. Qd2 O-O 10. Nf3 Rd8 11. Be2 Bg4 12. d5 c4 13. Bd4 b5 14. Bxg7 Kxg7 15. h4 h5 16. Ng5 Bxe2 17. Qxe2 Nd7 18. O-O Qb6 19. Kh1 Nc5 20. f4 f6 21. Nf3 e6 22. Nd4 exd5 23. exd5 Re8 24. Qf3 f5 25. Rb1 a6 26. a4 Nxa4 27. Ne6+ Rxe6 28. dxe6 Re8 29. Rfe1 Qd8 30. Rbd1 Qxh4+ 31. Kg1 Re7 32. Qe3 Nb2 33. Rd7 Nd3 34. Qd4+ Kh7 35. Rxe7+ Qxe7 36. Qd7 1-0

[Event "PNWCC Master Artist Point"]
[Site "chess.com INT"]
[Date "2020.09.07"]
[Round "7.18"]
[White "Preotu, Razvan"]
[Black "Maiti, Milind"]
[Result "1-0"]
[WhiteElo "2487"]
[BlackElo "2068"]
[WhiteFideId "-1"]
[WhiteFideId "-1"]
[PlyCount "81"]
[GameId "2130307593472105"]
[EventDate "2020.09.05"]
[EventType "swiss"]
[EventRounds "9"]
[EventCountry "NET"]
[SourceTitle "The Week in Chess 1349"]
[Source "Mark Crowther"]
[SourceDate "2020.09.14"]
[SourceVersion "2"]
[SourceVersionDate "2020.09.17"]
[SourceQuality "2"]

1. e4 c5 2. Nf3 e6 3. c3 d5 4. exd5 exd5 5. d4 Nc6 6. Bb5 Nf6 7. O-O Be7 8. dxc5 O-O 9. Be3 Ne4 10. Bxc6 bxc6 11. Nd4 Qc7 12. b4 f5 13. f3 f4 14. fxe4 fxe3 15. Rxf8+ Bxf8 16. exd5 Ba6 17. Qf3 Qe5 18. Qf5 Qxf5 19. Nxf5 Re8 20. Na3 e2 21. Re1 cxd5 22. Nd6 Bxd6 23. cxd6 Bd3 24. Kf2 Kf7 25. d7 Rd8 26. Ke3 Ba6 27. b5 Bb7 28. Rxe2 Rxd7 29. Kd4 Rc7 30. Re3 Kf6 31. g3 h6 32. Re1 Bc8 33. Rb1 Be6 34. Rb4 Bf7 35. Nc2 Re7 36. Kd3 Bg6+ 37. Kd2 Ke5 38. Nd4 Kd6 39. b6 Rb7 40. bxa7 Rxa7 41. Nb5+ 1-0

[Event "PNWCC Master Artist Point"]
[Site "chess.com INT"]
[Date "2020.09.07"]
[Round "8.13"]
[White "Preotu, Razvan"]
[Black "Lintchevski, Daniil"]
[Result "1/2-1/2"]
[WhiteElo "2487"]
[BlackElo "2559"]
[WhiteFideId "-1"]
[WhiteFideId "-1"]
[PlyCount "71"]
[GameId "2130307593476232"]
[EventDate "2020.09.05"]
[EventType "swiss"]
[EventRounds "9"]
[EventCountry "NET"]
[SourceTitle "The Week in Chess 1349"]
[Source "Mark Crowther"]
[SourceDate "2020.09.14"]
[SourceVersion "2"]
[SourceVersionDate "2020.09.17"]
[SourceQuality "2"]

1. e4 c5 2. Nf3 Nf6 3. e5 Nd5 4. Nc3 e6 5. Ne4 Nc6 6. c4 f5 7. Nxc5 Bxc5 8. cxd5 Nd4 9. Be2 O-O 10. O-O d6 11. exd6 Qxd6 12. Nxd4 Bxd4 13. Bf3 exd5 14. d3 Be6 15. Qb3 Qb6 16. Bxd5 Qxb3 17. Bxb3 Bxb3 18. axb3 Rfe8 19. Ra4 Rad8 20. Be3 Bxe3 21. fxe3 Rxd3 22. Rxa7 Rxb3 23. Rxf5 Rxb2 24. Raa5 Rd8 25. Rad5 Rxd5 26. Rxd5 Kf7 27. Rd7+ Kf6 28. h4 h5 29. Kh2 Rb3 30. Kg1 Rb2 31. Kh2 b5 32. Rd5 g6 33. Kg3 Rb4 34. Kf3 Rxh4 35. Rxb5 Ra4 36. g3 1/2-1/2

[Event "PNWCC Master Artist Point"]
[Site "chess.com INT"]
[Date "2020.09.07"]
[Round "9.10"]
[White "Kobalija, Mihail"]
[Black "Preotu, Razvan"]
[Result "0-1"]
[WhiteElo "2614"]
[BlackElo "2487"]
[WhiteFideId "-1"]
[WhiteFideId "-1"]
[PlyCount "82"]
[GameId "2130307593476274"]
[EventDate "2020.09.05"]
[EventType "swiss"]
[EventRounds "9"]
[EventCountry "NET"]
[SourceTitle "The Week in Chess 1349"]
[Source "Mark Crowther"]
[SourceDate "2020.09.14"]
[SourceVersion "2"]
[SourceVersionDate "2020.09.17"]
[SourceQuality "2"]

1. e4 c5 2. Nf3 d6 3. Bb5+ Nd7 4. O-O a6 5. Bd3 Ngf6 6. c3 b5 7. Bc2 Bb7 8. Qe2 g6 9. d4 Bg7 10. a4 O-O 11. Rd1 Qc7 12. Bg5 cxd4 13. cxd4 b4 14. Bd3 e5 15. dxe5 dxe5 16. Nbd2 h6 17. Rac1 Qb8 18. Bh4 Qa7 19. Nc4 Nc5 20. Nd6 Bc6 21. Nxe5 Bxa4 22. Bc4 Bxd1 23. Rxd1 Kh7 24. Bxf7 Rxf7 25. Nexf7 Nh5 26. e5 Nf4 27. Qc4 Nfe6 28. Ne4 Nxe4 29. Qxe6 Rf8 30. Qd5 Nxf2 31. Bxf2 Qxf7 32. Qxf7 Rxf7 33. e6 Rf8 34. b3 Re8 35. Rd6 a5 36. Bc5 a4 37. bxa4 b3 38. e7 Rxe7 39. Rd1 Re4 40. Rb1 b2 41. a5 Ra4 0-1

[Event "Titled Tuesday 2020.08.18"]
[Site "Chess.com INT"]
[Date "2020.08.18"]
[Round "1"]
[White "Jain, Naveen"]
[Black "Preotu, Razvan"]
[Result "1-0"]
[WhiteElo "2032"]
[BlackElo "2487"]
[WhiteFideId "-1"]
[WhiteFideId "-1"]
[PlyCount "143"]
[GameId "1552763712606208"]
[EventDate "2020.08.18"]
[EventType "swiss (blitz)"]
[EventRounds "10"]
[EventCountry "NET"]
[SourceTitle "CBM 197 Extra"]
[Source "ChessBase"]
[SourceDate "2020.09.30"]
[SourceVersion "1"]
[SourceVersionDate "2020.09.30"]
[SourceQuality "1"]

1. c4 g6 2. g3 Bg7 3. Bg2 c5 4. Nc3 Nc6 5. a3 d6 6. Rb1 Bf5 7. d3 h5 8. Nf3 Qd7 9. h4 e5 10. b4 Nge7 11. Ng5 Rc8 12. Nge4 b6 13. Bg5 Nd4 14. Nf6+ Bxf6 15. Bxf6 Rg8 16. Qd2 Qe6 17. Bxe7 Qxe7 18. Nd5 Qd8 19. e3 Nc6 20. b5 Nb8 21. e4 Be6 22. Ne3 Nd7 23. Bh3 Qf6 24. Bxe6 fxe6 25. a4 Qf3 26. Rf1 Ke7 27. Qe2 Qf7 28. Ra1 a5 29. bxa6 Ra8 30. Qb2 Rxa6 31. Ra3 Rga8 32. Qa2 Qe8 33. Ke2 Nb8 34. a5 Rxa5 35. Rxa5 bxa5 36. Rb1 Ra7 37. Qb2 Nc6 38. Qb6 Qd7 39. Nd1 a4 40. Nc3 a3 41. Ra1 Rb7 42. Qa6 Rb2+ 43. Kf1 Kf8 44. Nd1 Rd2 45. Qxa3 Qf7 46. Qc1 Rxd3 47. Qh6+ Ke7 48. Qg5+ Qf6 49. Qxf6+ Kxf6 50. Ke2 Rd4 51. Ne3 Rxe4 52. Ra6 Nb4 53. Rxd6 Rd4 54. Rb6 e4 55. Rb8 Ke7 56. Rg8 Nd3 57. Rxg6 Ne5 58. Rg7+ Kf6 59. Rh7 Kg6 60. Rh8 Nxc4 61. Rg8+ Kf7 62. Rg5 Nxe3 63. Kxe3 Rd5 64. Kxe4 Rxg5 65. hxg5 Kg6 66. f4 c4 67. Kd4 e5+ 68. Kxc4 h4 69. gxh4 exf4 70. Kd3 Kh5 71. Ke4 Kxh4 72. g6 1-0

[Event "Titled Tuesday 2020.08.18"]
[Site "Chess.com INT"]
[Date "2020.08.18"]
[Round "3"]
[White "Grochal, Joey"]
[Black "Preotu, Razvan"]
[Result "0-1"]
[WhiteElo "2335"]
[BlackElo "2487"]
[WhiteFideId "-1"]
[WhiteFideId "-1"]
[PlyCount "120"]
[GameId "1552763715284992"]
[EventDate "2020.08.18"]
[EventType "swiss (blitz)"]
[EventRounds "10"]
[EventCountry "NET"]
[SourceTitle "CBM 197 Extra"]
[Source "ChessBase"]
[SourceDate "2020.09.30"]
[SourceVersion "1"]
[SourceVersionDate "2020.09.30"]
[SourceQuality "1"]

1. d4 Nf6 2. c4 g6 3. Nc3 d5 4. cxd5 Nxd5 5. e4 Nxc3 6. bxc3 Bg7 7. Be3 c5 8. Qd2 Qa5 9. Nf3 O-O 10. Rc1 Rd8 11. d5 e6 12. Be2 Nc6 13. O-O exd5 14. exd5 c4 15. Rfd1 Be6 16. Bxc4 Ne7 17. Bd4 Nxd5 18. Bxg7 Kxg7 19. Qg5 f6 20. Qh4 Nxc3 21. Re1 Bxc4 22. Qxc4 Nd5 23. Nd4 Rd6 24. Nb5 Rd7 25. Red1 Rad8 26. Nd4 Nf4 27. g3 Rxd4 28. Rxd4 Rxd4 29. Qc7+ Qxc7 30. Rxc7+ Kh6 31. gxf4 Rxf4 32. Rxb7 Ra4 33. Rb2 Ra3 34. Kg2 Kg5 35. f3 f5 36. Kg3 h5 37. h4+ Kh6 38. Kg2 Ra4 39. Kg3 f4+ 40. Kg2 Ra3 41. Kf2 Kg7 42. Rc2 Kf6 43. Rc6+ Ke5 44. Rxg6 Rxa2+ 45. Kf1 a5 46. Rg5+ Kd4 47. Rxh5 Ke3 48. Rc5 Kxf3 49. Rc3+ Kg4 50. h5 Kxh5 51. Rb3 Kg4 52. Rc3 a4 53. Rd3 a3 54. Rc3 Ra1+ 55. Kf2 a2 56. Kg2 Rb1 57. Rc8 a1=Q 58. Rg8+ Kh4 59. Kh2 Rb2+ 60. Rg2 f3 0-1

[Event "Titled Tuesday 2020.08.18"]
[Site "Chess.com INT"]
[Date "2020.08.18"]
[Round "4"]
[White "Preotu, Razvan"]
[Black "Suvorov, Alexander David"]
[Result "1-0"]
[WhiteElo "2487"]
[BlackElo "2313"]
[WhiteFideId "-1"]
[WhiteFideId "-1"]
[PlyCount "65"]
[GameId "1552763716087808"]
[EventDate "2020.08.18"]
[EventType "swiss (blitz)"]
[EventRounds "10"]
[EventCountry "NET"]
[SourceTitle "CBM 197 Extra"]
[Source "ChessBase"]
[SourceDate "2020.09.30"]
[SourceVersion "1"]
[SourceVersionDate "2020.09.30"]
[SourceQuality "1"]

1. e4 c5 2. Nf3 e6 3. c3 Nf6 4. e5 Nd5 5. d4 cxd4 6. cxd4 d6 7. Bc4 Be7 8. O-O O-O 9. Re1 Nc6 10. exd6 Qxd6 11. Nc3 Nxc3 12. bxc3 b6 13. a4 Bb7 14. Bd3 Rac8 15. Ba3 Qd8 16. Bxe7 Qxe7 17. d5 Na5 18. dxe6 fxe6 19. Nd4 e5 20. Qh5 h6 21. Rxe5 Qf6 22. Nf5 Rxc3 23. Ne7+ Kh8 24. Ng6+ Kg8 25. Nxf8 Rxd3 26. Ng6 Rd8 27. Rae1 Bc6 28. Ne7+ Kh7 29. Re6 Qc3 30. Qg6+ Kh8 31. Nxc6 Nxc6 32. Re8+ Rxe8 33. Rxe8# 1-0

[Event "Titled Tuesday 2020.08.18"]
[Site "Chess.com INT"]
[Date "2020.08.18"]
[Round "7"]
[White "Preotu, Razvan"]
[Black "Oliveira, Silvio Eduardo"]
[Result "1-0"]
[WhiteElo "2487"]
[BlackElo "2280"]
[WhiteFideId "-1"]
[WhiteFideId "-1"]
[PlyCount "101"]
[GameId "1552763720429568"]
[EventDate "2020.08.18"]
[EventType "swiss (blitz)"]
[EventRounds "10"]
[EventCountry "NET"]
[SourceTitle "CBM 197 Extra"]
[Source "ChessBase"]
[SourceDate "2020.09.30"]
[SourceVersion "1"]
[SourceVersionDate "2020.09.30"]
[SourceQuality "1"]

1. e4 c5 2. Nf3 Nc6 3. Bb5 g6 4. Bxc6 dxc6 5. d3 Bg7 6. Nc3 Nf6 7. h3 Nd7 8. Be3 e5 9. O-O O-O 10. Qd2 f5 11. Bh6 f4 12. Bxg7 Kxg7 13. a3 g5 14. b4 h5 15. h4 gxh4 16. bxc5 Rg8 17. d4 Kh7 18. Rfd1 Qf6 19. Kf1 h3 20. gxh3 Nf8 21. dxe5 Bxh3+ 22. Ke2 Qe6 23. Qxf4 Bg4 24. Rd6 Ng6 25. Qe3 Qxe5 26. Kd2 Bxf3 27. Qxf3 Raf8 28. Qe3 Nf4 29. Rh1 Rg5 30. Rd7+ Kg8 31. Rxb7 Rd8+ 32. Kc1 Qxc3 33. Qxc3 Ne2+ 34. Kb2 Nxc3 35. Kxc3 Rxc5+ 36. Kb2 Re5 37. Rg1+ Kf8 38. Rh7 Rb8+ 39. Kc3 Rbe8 40. f3 Rc5+ 41. Kd4 Rxc2 42. Rxh5 Rd2+ 43. Ke3 Rd7 44. Rh8+ Ke7 45. Rh7+ Kd8 46. Rxd7+ Kxd7 47. Rg7+ Kd6 48. Rxa7 Rb8 49. a4 c5 50. Ra6+ Ke5 51. f4# 1-0

[Event "Titled Tuesday 2020.08.18"]
[Site "Chess.com INT"]
[Date "2020.08.18"]
[Round "8"]
[White "Preotu, Razvan"]
[Black "Indjic, Aleksandar"]
[Result "0-1"]
[WhiteElo "2487"]
[BlackElo "2618"]
[WhiteFideId "-1"]
[WhiteFideId "-1"]
[PlyCount "76"]
[GameId "1552763721097216"]
[EventDate "2020.08.18"]
[EventType "swiss (blitz)"]
[EventRounds "10"]
[EventCountry "NET"]
[SourceTitle "CBM 197 Extra"]
[Source "ChessBase"]
[SourceDate "2020.09.30"]
[SourceVersion "1"]
[SourceVersionDate "2020.09.30"]
[SourceQuality "1"]

1. e4 c5 2. Nf3 Nc6 3. d4 cxd4 4. Nxd4 e5 5. Nb5 a6 6. Nd6+ Bxd6 7. Qxd6 Qe7 8. Qxe7+ Ngxe7 9. Be2 d5 10. exd5 Nxd5 11. O-O Be6 12. c3 O-O-O 13. Na3 f6 14. Nc4 g5 15. a4 Kc7 16. a5 Rhg8 17. g3 Nf4 18. gxf4 gxf4+ 19. Kh1 f3 20. Bxf3 Bxc4 21. Re1 f5 22. Be3 Rd3 23. Rg1 f4 24. Bb6+ Kd7 25. Rgd1 Ke6 26. Be4 Bd5 27. Bxd5+ Rxd5 28. Rxd5 Kxd5 29. Rd1+ Ke4 30. Rd7 Kf3 31. Rxb7 e4 32. Rf7 Ne5 33. Re7 Nd3 34. h3 h5 35. h4 Rg4 36. b4 Nxf2+ 37. Bxf2 Kxf2 38. Rxe4 Rxh4# 0-1

[Event "Titled Tuesday 2020.08.18"]
[Site "chess.com INT"]
[Date "2020.08.18"]
[Round "2"]
[White "Preotu, Razvan"]
[Black "Daianu, Cristian Clement"]
[Result "1-0"]
[WhiteElo "2487"]
[BlackElo "2224"]
[WhiteFideId "-1"]
[WhiteFideId "-1"]
[PlyCount "39"]
[GameId "2130307593994891"]
[EventDate "2020.08.18"]
[EventType "swiss (blitz)"]
[EventRounds "10"]
[EventCountry "NET"]
[SourceTitle "The Week in Chess 1346"]
[Source "Mark Crowther"]
[SourceDate "2020.08.24"]
[SourceVersion "1"]
[SourceVersionDate "2020.08.24"]
[SourceQuality "2"]

1. e4 c5 2. Nf3 d6 3. d4 cxd4 4. Nxd4 Nf6 5. Nc3 a6 6. Be3 e6 7. f3 b5 8. Qd2 b4 9. Na4 Nbd7 10. O-O-O Qa5 11. b3 Bb7 12. a3 d5 13. e5 Nxe5 14. Nxe6 fxe6 15. Bb6 Qxa4 16. bxa4 bxa3 17. Qe1 Nfd7 18. Bd4 Nc6 19. Qxe6+ Kd8 20. Qxd5 1-0

[Event "Titled Tuesday 2020.08.18"]
[Site "chess.com INT"]
[Date "2020.08.18"]
[Round "5"]
[White "Yakimova, Mariya"]
[Black "Preotu, Razvan"]
[Result "0-1"]
[WhiteElo "2269"]
[BlackElo "2487"]
[WhiteFideId "-1"]
[WhiteFideId "-1"]
[PlyCount "88"]
[GameId "2130307594007413"]
[EventDate "2020.08.18"]
[EventType "swiss (blitz)"]
[EventRounds "10"]
[EventCountry "NET"]
[SourceTitle "The Week in Chess 1346"]
[Source "Mark Crowther"]
[SourceDate "2020.08.24"]
[SourceVersion "1"]
[SourceVersionDate "2020.08.24"]
[SourceQuality "2"]

1. d4 Nf6 2. c4 g6 3. Nf3 Bg7 4. g3 d5 5. cxd5 Nxd5 6. Bg2 Nb6 7. O-O Nc6 8. e3 O-O 9. Nc3 Re8 10. d5 Na5 11. Nd4 Bd7 12. e4 Rc8 13. b3 c5 14. Nde2 e6 15. Bb2 exd5 16. exd5 Bg4 17. Re1 Qd7 18. Qd2 Nac4 19. bxc4 Nxc4 20. Qc2 Nxb2 21. Qxb2 Bxe2 22. Rxe2 Rxe2 23. Qxe2 Bxc3 24. Rd1 Re8 25. Qc4 Bd4 26. Bf3 b5 27. Qd3 a5 28. Kg2 a4 29. h4 b4 30. Qc4 Rb8 31. h5 b3 32. axb3 axb3 33. hxg6 hxg6 34. Be4 b2 35. f3 Qd6 36. Qc2 Kg7 37. Rh1 Re8 38. Rd1 f5 39. Bxf5 gxf5 40. Qxf5 Re2+ 41. Kh3 Qh6+ 42. Kg4 Qg6+ 43. Qxg6+ Kxg6 44. d6 Kf7 0-1

[Event "Titled Tuesday 2020.08.18"]
[Site "chess.com INT"]
[Date "2020.08.18"]
[Round "6"]
[White "Anton Guijarro, David"]
[Black "Preotu, Razvan"]
[Result "1-0"]
[WhiteElo "2688"]
[BlackElo "2487"]
[WhiteFideId "-1"]
[WhiteFideId "-1"]
[PlyCount "51"]
[GameId "2130307594007421"]
[EventDate "2020.08.18"]
[EventType "swiss (blitz)"]
[EventRounds "10"]
[EventCountry "NET"]
[SourceTitle "The Week in Chess 1346"]
[Source "Mark Crowther"]
[SourceDate "2020.08.24"]
[SourceVersion "1"]
[SourceVersionDate "2020.08.24"]
[SourceQuality "2"]

1. e4 c5 2. Nc3 d6 3. f4 Nc6 4. Nf3 g6 5. Bb5 Bd7 6. d3 Bg7 7. Bc4 e6 8. O-O a6 9. f5 b5 10. Bb3 Na5 11. fxe6 fxe6 12. Bf4 Nxb3 13. axb3 b4 14. Nb1 Qe7 15. e5 dxe5 16. Bxe5 Nf6 17. Nbd2 Bc6 18. Qe2 O-O 19. Nc4 Rfe8 20. Rae1 a5 21. Ng5 a4 22. bxa4 Rxa4 23. h3 Raa8 24. Qf2 Bd5 25. Bxf6 Bxf6 26. Qxf6 1-0